Realitní agenti nepatria do kategórie novodobých zbojníkov "Pre realitné kancelárie je výhodnejšie predať objekt čo najrýchlejšie, ako ho zbytočne držať v databáze pokiaľ trvá exkluzívna zmluva," hovorí Eva Lettrichová-Marianyiová, prezidentka Asociácie realitných kancelárií Slovenska

Podrobná bibliografia
Hlavní autori: Lettrichová-Marianyová, Eva (Autor), Luptáková, Oldřiška (Autor)
Médium: Článok
Jazyk:slovenčina
Fyzický popis:Fotogr. 1
Predmet:

MARC

LEADER 00000nab a2200000 a 4500
001 vtls000580592
003 SK-MaSNL
005 20260303192927.0
008 160202c1996 xo 0 slo
015 |a SNBRB19rr/mm-uuuuu 
035 |a CL0580730 
040 |a SNKBUCL  |b slo  |c SNKBUCL  |e AACR2 
041 0 |a slo 
044 |a xo  |c SK 
080 |a 332.7:061.2(437.6)  |2 1981 
100 1 |a Lettrichová-Marianyová, Eva  |4 aut  |9 1223698 
245 1 0 |a Realitní agenti nepatria do kategórie novodobých zbojníkov  |b "Pre realitné kancelárie je výhodnejšie predať objekt čo najrýchlejšie, ako ho zbytočne držať v databáze pokiaľ trvá exkluzívna zmluva," hovorí Eva Lettrichová-Marianyiová, prezidentka Asociácie realitných kancelárií Slovenska  |c Eva Lettrichová-Marianyová, Oldřiška Luptáková 
300 |b Fotogr. 1 
650 0 7 |a nehnuteľnosti  |2 snkbucl  |9 3653 
650 0 7 |a Asociácia realitných kancelárií Slovenska  |2 snkbucl  |9 1223699 
655 7 |a články z novín a časopisov  |2 snkbucl  |9 267496 
700 1 |a Luptáková, Oldřiška  |4 aut  |9 893760 
773 0 |t Slovenský profit  |g Roč. 4, č. 12 (1996), s. 14-15 
850 |a Slovenská národná knižnica v Martine  |a MTA001 
852 |a SNK  |b KIS3GCP 
958 |a RK 
958 |a SK 
992 |a RBX 
999 |c 2149481  |d 2151411